Personaggi famosi nati a Bologna - Statistics

Statistiche generali
  • Questo quiz è stato fatto 188 volte
  • Il punteggio medio è 12 su 20
Statistiche sulle risposte
con Immagini Risposta % Corretto
Elettra Lamborghini
97%
Mara Maionchi
91%
Raffaella Carrà
88%
Lucio Dalla
87%
Cesare Cremonini
79%
Gianluca Vacchi
76%
Christian Vieri
68%
Pierluigi Collina
68%
Cristina D'Avena
66%
Alex Zanardi
59%
Pier Paolo Pasolini
59%
Stefano Accorsi
50%
Luca Carboni
49%
Luca Cordero di Montezemolo
48%
Sara Errani
46%
Pier Ferdinando Casini
41%
Gianfranco Fini
40%
Guglielmo Marconi
32%
Luigi Galvani
9%
Giorgio Morandi
6%
Nessun quiz corrispondente trovato
Distribuzione punteggi
Percentuale di utenti per punteggio
Percentile per numero di risposta
I tuoi punteggi nel tempo
Non hai fatto questo quiz